00637nam a22001817a 450000500170000001000150001702000270003203500140005903700090007308200150008224500710009725000060016826001010017427000700027530000200034550000560036570000340042120260211160039.0 aENG-147795 a9788199350229c1480.00 aEN-131327 bDBAD a364.1682100aDrones Redefined/cEdited By Anil Golani [and] Dinesh Kumar Pandey a1 aNew DelhibKW Publishers KW Publishers in association with Centre for Land Warfare Studiesc2026 a4676/21, First Floor, Ansari Road, Daryaganj, bNew Delhie110002 a264p.c23cm(hb) aThe Impacts of Emerging Technologies on UAS Warfare aPandey, Dinesh Kumar eEditor